000 01635nam a2200481 i 4500
001 5619
003 KOSZ 005
005 20191002090601.0
008 970513s1992 pl f |000 0 pol
015 _aPB 1992/6462
020 _a8301109149
035 _a991001397469705066
035 _a(PL-WaBN)b10403942-48omnis_nlop
035 _ab10403942
035 _a(OCoLC)830058158
035 _a(PL)b0000001040394
035 _a(EXLNZ-48OMNIS_NETWORK)9910483487305606
040 _aWA N
_cWA N
_dKOSZ 005/EG
041 0 _apol
_beng
046 _k1992
080 _a338.22(438+4-11)"1989/..."
245 1 0 _aPolskie przemiany :
_btransformacja rynkowa : praca zbiorowa /
_cpod red. Lucjana Ciamagi ; aut. Jan Bossak [et al.].
260 _aWarszawa :
_bWydaw. Naukowe PWN,
_c1992.
300 _a178, [1] s. ;
_c21 cm.
336 _2rdacontent
_aTekst
_btxt
337 _2rdamedia
_aBez urządzenia pośredniczącego
_bn
338 _2rdacarrier
_aWolumin
_bnc
380 _aKsiążki
388 _a1901-2000
388 _a1989-2000
504 _aSpis treści także ang.
650 7 _aTransformacja systemu społeczno-gospodarczego
_2DBN
651 7 _aPolska
_2DBN
651 7 _aEuropa Środkowo-Wschodnia
658 _aGospodarka, ekonomia, finanse
648 _a1989-2000
700 1 _aBossak, Jan W.
_eAutor
700 1 _aCiamaga, Lucjan
_d(1929- )
_eRedakcja
710 2 _aWydawnictwo Naukowe PWN
_4pbl
856 _uhttp://koha.tu.koszalin.pl/cgi-bin/koha/opac-detail.pl?biblionumber=5619
_yKatalog online BPK
942 _2UKD
_cKS
999 _c5619
_d5619